Statistiques concernant Quelle est cette île ? #1

Cliquez ici pour prendre le quiz!

Statistiques générales

  • Ce quiz a été pris 75 fois
  • Le résultat moyen est 7 sur 16

Statistiques - réponses

Réponse% Correct
Chypre
96%
Cuba
88%
Guadeloupe
83%
Martinique
78%
Trinité
54%
Malte
49%
Dominique
35%
Maurice
33%
Grenade
32%
Hokkaidō
32%
Sumatra
31%
Barbade
29%
L'île du Sud
24%
Tobago
18%
Sulawesi
13%
Viti Levu
0%

Distribution des résultats

Percentile par nombre de réponses

% des personnes avec chaque résultat

Votre développement - résultats

Vous n’avez pas pris ce quiz